| 000 | 01065cab a2200277 4500 | ||
|---|---|---|---|
| 001 | ABS50716 | ||
| 008 | 090401t1994 xxu||||| |||| 00| 0 eng d | ||
| 035 | _a(Sirsi) u20334 | ||
| 041 | _aeng | ||
| 100 | _aWalker, A. | ||
| 245 | 3 | _aAn anatomy of a Hong Kong project - organisation, environment and leadership | |
| 260 | _c1994 | ||
| 350 | _a0 | ||
| 490 |
_aConstruction Management & Economics _v12(3) 1994, 191-202(12) |
||
| 520 | _aDescribes the organisational structure of the Hong Kong Convention and Exhibition Centre project, analysing the leadership, the decision-making process and the operating system. Acknowledges the impact of the environment on construction projects. | ||
| 650 | _aHONG KONG CONVENTIONA ND EXHIBITION CENTRE | ||
| 650 | _aORGANISATION STRUCTURE | ||
| 650 | _aMANAGEMENT-PROJECT MANAGEMENT | ||
| 650 | _aSYSTEMS THEORY | ||
| 690 | _aBUILDING AND CONSTRUCTION-PROJECTS | ||
| 690 | _aOVERSEAS-REST OF THE WORLD | ||
| 690 |
_aProject management _96261 |
||
| 700 | _aKalinowski, M. | ||
| 942 | _n0 | ||
| 948 | _c04/03/1997 | ||
| 999 |
_c13622 _d13622 |
||